00928 2200349 4500001002100000005001500021035002000036007000300056008004100059020001800100082001800118084002400136100001900160245010600179250001000285260006000295300003500355500001400390650003400404700001100438700002000449990001000469990001000479990001100489990001000500990001100510990001100521990001200532990001200544990001100556990001100567INLIS00000000000769820240718034237 a0010-0321001068ta240718 g 0 ind  a9789791963480 aR.398.209 598 aR.398.209 598 AKH k0 aAKHMAD, Elvian1 aKumpulan Cerita Rakyat Kera & Lutung Berebut Kelekak /cAkhmad Elvian, Suhada; editor, Willy Siswanto acet.2 aPangkalpinang :bDinas Kebudayaan dan Pariwisata,c2014 axv, 136 hal. :bilus. ;c21 cm aGlosarium 4aCERITA RAKYAT BANGKA BELITUNG0 aSUHADA0 aWILLY, Siswanto a4105a a4105b a4105 b a4105a a4105 a a4105 b a11892 a a11892 a a4105 a a4105 b